000 00579nam a22001577a 4500
003 macl
005 20231104124252.0
008 231104b |||||||| |||| 00| 0 eng d
040 _cmacl
082 _a500
100 _aओझा ,शिव कुमार
_982007
245 _a परीक्षा वाणी सामान्‍य अध्‍ययन विशेेषांक विज्ञान भाग ;2
260 _aप्रयागराज
_bबौद्धिक प्रकाशन
_c2016
650 _aविज्ञान
942 _2ddc
_cHIN
999 _c66308
_d66308